15 Largest Lakes in the USA by Surface Area - Statistics

General Stats
  • This quiz has been taken 135 times
    104 since last reset
  • The average score is 8 of 15
Answer Stats
Hint Answer % Correct
2nd largest Great Lake Lake Michigan
98%
4th largest Great Lake Lake Erie
94%
3rd largest Great Lake Lake Huron
90%
Largest Great Lake Lake Superior
90%
Smallest Great Lake Lake Ontario
87%
Utah Great Salt Lake
85%
Florida Lake Okeechobee
49%
New York and Vermont Lake Champlain
46%
Minnesota Lake of the Woods
43%
Louisiana Lake Pontchartrain
43%
Michigan Lake St. Clair
27%
North and South Dakota Lake Oahe
13%
North Dakota Lake Sakakawea
12%
Alaska Iliamna Lake
8%
Alaska Becharof Lake
7%
No matching quizzes found
Score Distribution
Percent of People with Each Score
Percentile by Number Answered
Your Score History
You have not taken this quiz since the last reset